Polar and alpine tundra /

Saved in:
Bibliographic Details
Other Authors: Wielgolaski, F. E., 1931-
Format: Book
Language:English
Published: Amsterdam ; New York : Elsevier, 1997.
Series:Ecosystems of the world ; 3.
Subjects:
Tags: Add Tag
No Tags, Be the first to tag this record!
LEADER 00754nam a22002538a 4500
001 007768825-2
005 20020606104010.5
008 970415s1997 ne b 001 0 eng
010 |a  97019344  
020 |a 0444882650 
035 0 |a ocm36767658 
040 |a DLC  |c DLC 
050 0 0 |a QH541.5.T8  |b P65 1997 
082 0 0 |a 577.5/86  |2 21 
245 0 0 |a Polar and alpine tundra /  |c edited by F.E. Wielgolaski. 
260 |a Amsterdam ;  |a New York :  |b Elsevier,  |c 1997. 
300 |a x, 920 p. :  |b ill. ;  |c 27 cm. 
490 1 |a Ecosystems of the world ;  |v 3 
504 |a Includes bibliographical references and index. 
650 0 |a Tundra ecology. 
700 1 |a Wielgolaski, F. E.,  |d 1931- 
830 0 |a Ecosystems of the world ;  |v 3. 
988 |a 20020608 
906 |0 DLC